000 00594nam a2200181Ia 4500
005 20250508151509.0
008 008 250505s9999 xx 000 0 eng d
037 _aTextual
040 _aFEDL
_beng
_cFEDL
041 _aeng
_2eng
084 _a370.954, IND
_qFEDL
245 0 _aSelections from the records of the Government of India, Home department
260 _aCalcutta, India
_bPublished by Authority
_c1807
546 _aState of education in India during 1965-66 by A M Monteath
650 _aEducation
942 _cTEXL
_h370.954, IND
999 _c1330194
_d1330194